ՀՀ Գիտությունների ազգային ակադեմիայի հիմնարար գիտական գրադարան  =   Fundamental Scientific Library of NAS RA
Normal view MARC view

Entry Personal Name

Number of records used in: 7

001 - CONTROL NUMBER

  • control field: 1115

003 - CONTROL NUMBER IDENTIFIER

  • control field: AM-YEHGA

005 - DATE AND TIME OF LATEST TRANSACTION

  • control field: 20250617070425.0

008 - FIXED-LENGTH DATA ELEMENTS

  • fixed length control field: 041207 a|ac|n|aab||||||||||||a |n|||||||

040 ## - CATALOGING SOURCE

  • Original cataloging agency: AM-YEHGA

100 1# - HEADING--PERSONAL NAME

  • Personal name: Թադևոսյան, Արուս Արշակի,
  • Dates associated with a name: 1907-1983

400 1# - SEE FROM TRACING--PERSONAL NAME

  • Personal name: Тадевосян, Арус Аршаковна,
  • Dates associated with a name: 1907-1983

400 1# - SEE FROM TRACING--PERSONAL NAME

  • Personal name: Тадевосян, Арус Аршаковна,

400 1# - SEE FROM TRACING--PERSONAL NAME

  • Personal name: Тадевосян, Арус,
  • Dates associated with a name: 1907-1983

400 1# - SEE FROM TRACING--PERSONAL NAME

  • Personal name: Тадевосян, А.
  • Fuller form of name: (Арус),
  • Dates associated with a name: 1907-1983

400 1# - SEE FROM TRACING--PERSONAL NAME

  • Personal name: Tadevosyan, Arus Arshaki,
  • Dates associated with a name: 1907-1983

670 ## - SOURCE DATA FOUND

  • Source citation: Հայկական համառոտ հանրագիտարան, 1995 :
  • Information found: հ. 2 (Թադևոսյան Արուս Արշակի (31.12.1907, Քութայիս - 14.7.1983, Երևան), թարգմանչուհի։ ՀԽՍՀ կուլտ. վաստ. գործիչ (1972))

670 ## - SOURCE DATA FOUND

  • Source citation: Книга о мужестве :[О героях Великой Отечественной войны), 1956 :
  • Information found: т.л. (А. Малхасян; Авториз. пер. с арм. А. Тадевосян); (Тадевосян Арус)

670 ## - SOURCE DATA FOUND

  • Source citation: Вардананк (Ист. роман. Пер. с арм. Кн. 2), 1961 :
  • Information found: т.л. (Демирчян Дереник Карапетович; Пер. с арм. А. Тадевосян)


ՀՀ ԳԱԱ հիմնարար գիտական գրադարան
ՀՀ,Երևան 0019
Մարշալ Բաղրամյան 24/6
հեռախոս:(374-10) 52-47-50
Հետադարձ կապ

All site content, except where otherwise noted, is licensed under a
Creative Commons License